000 00710cab a2200193 4500
001 L136017
008 070102n2006 000 0 eng u
035 _a(Sirsi) u136017
041 0 _aeng
100 1 _aAlexander, David
245 0 0 _aRural policy, rural communities and the planning system
260 _c2006
490 0 _aTown & Country Planning
_v75(12 December 2006, 351-355(5)
520 _aExamines the scope for rural planning in a co-ordinated way within wider rural policy. Discusses the changing demographics of the countryside, and employment, services and housing in rural communities
590 _aKA
651 4 _aEngland
_y886-
690 _aPlanning and development
_96259
942 _n0
999 _c78098
_d78098